000 00296nam a2200097Ia 4500
082 _a158 FAIR
245 0 _aThe Madiba mindset : your own Freedom Charter
100 _a Fairhead, Tyrrel Auckland Park, South Africa, 2011
_942045
942 _cBK
008 210817s9999 xx 000 0 und d
999 _c143282
_d143281